Proyecto de reglamento general para la formación de planos parcelarios ; (Record no. 192592)

MARC details
000 -LEADER
campo de control de longitud fija 00990nam a2200217 i 4500
001 - NÚMERO DE CONTROL
campo de control 192592
003 - IDENTIFICADOR DE NÚMERO DE CONTROL
campo de control ES-MaACL
005 - FECHA Y HORA DE LA ÚLTIMA TRANSACCIÓN
campo de control 20251003180254.0
008 - DATOS DE LONGITUD FIJA--INFORMACIÓN GENERAL
campo de control de longitud fija 230206s1862 sp 000 0 spa d
080 ## - NÚMERO DE LA CLASIFICACIÓN DECIMAL UNIVERSAL
Número de la Clasificación Decimal Universal 912:332.2
110 2# - ENTRADA PRINCIPAL--NOMBRE DE ENTIDAD CORPORATIVA
Nombre de entidad corporativa o nombre de jurisdicción como elemento de entrada Junta General de Estadística (España)
9 (RLIN) 134590
245 10 - MENCIÓN DEL TÍTULO
Título Proyecto de reglamento general para la formación de planos parcelarios ;
Resto del título Proyecto de bases para la formación de planos parcelarios por subasta /
Mención de responsabilidad, etc. aprobado por la Junta General de Estadística ; el vicepresidente de la Junta, Alejandro Oliván, el vocal secretario, José Emilio de Santos.
246 3# - FORMA VARIANTE DEL TITULO
Título propio/Titulo breve Proyecto de bases para la formación de planos parcelarios por subasta
260 ## - PUBLICACIÓN, DISTRIBUCIÓN, ETC.
Lugar de publicación, distribución, etc. Madrid :
Nombre del editor, distribuidor, etc. [s.n.],
Fecha de publicación, distribución, etc. 1862.
300 ## - DESCRIPCIÓN FÍSICA
Extensión [22] p. ;
Dimensiones 31 cm.
650 #4 - PUNTO DE ACCESO ADICIONAL DE MATERIA--TÉRMINO DE MATERIA
Término de materia o nombre geográfico como elemento de entrada Mapas catastrales.
9 (RLIN) 176378
700 1# - ENTRADA AGREGADA--NOMBRE PERSONAL
Nombre de persona Oliván, Alejandro,
Fechas asociadas al nombre 1796-1878
9 (RLIN) 130637
700 1# - ENTRADA AGREGADA--NOMBRE PERSONAL
Nombre de persona Santos, José Emilio de.
9 (RLIN) 132454
852 4# - LOCALIZACIÓN
Ubicación ES-MaACL
Número de control de estantería T-136-F-5
Nota libre - Enc. en un vol. facticio
Holdings
Estatus retirado Estado de pérdida Estado de daño No para préstamo Colección Biblioteca de origen Biblioteca actual Ubicación en estantería Fecha de adquisición Fuente de adquisición Total de préstamos Signatura topográfica completa Código de barras Visto por última vez Precio de reemplazo Tipo de ítem Koha
        Colección de folletos Biblioteca del Ateneo de Madrid Biblioteca del Ateneo de Madrid Depósito folletos 06/02/2023     T-136-F-5 1205188 23/02/2023 23/02/2023 Folleto